Statistics for Songs with Places in the Title Quiz

Click here to take the quiz!

General Stats

  • This quiz has been taken 15,159 times
  • The average score is 12 of 22

Answer Stats

Artist Song % Correct
Bruce SpringsteenBorn in the {USA}
94%
The Beach Boys{California} Girls
89%
Elvis PresleyViva {Las} {Vegas}
87%
Tony BennettI Left My Heart in {San} {Francisco}
83%
Billy Joel{New} {York} State of Mind
81%
The Clash{London} Calling
70%
The BeatlesBack in the {USSR}
67%
The Sex PistolsAnarchy in the {U}.{K}.
65%
Ray Charles{Georgia} on My Mind
65%
Psy{Gangnam} Style
60%
They Might Be Giants{Istanbul} (Not Constantinople)
59%
Marc CohnWalking in {Memphis}
54%
Kiss{Detroit} Rock City
45%
Glenn Miller{Chattanooga} Choo Choo
43%
João GilbertoGirl From {Ipanema}
42%
The Beastie BoysNo Sleep 'Til {Brooklyn}
39%
Elvis PresleyBlue {Hawaii}
39%
Elton John{Philadelphia} Freedom
29%
Stevie Ray Vaughn{Texas} Flood
29%
LMFAOI'm In {Miami} Trick
27%
Merle HaggardOkie From {Muskogee}
21%
Kenny ChesneyBeer in {Mexico}
18%

Score Distribution

Percentile by Number Answered

Percent of People with Each Score

Your Score History

You have not taken this quiz